| 000 | 01316cam a22003618a 4500 | ||
|---|---|---|---|
| 001 | 16803730 | ||
| 003 | OSt | ||
| 005 | 20180116192411.0 | ||
| 008 | 110601s2011 enk b 001 0 eng | ||
| 010 | _a 2011021920 | ||
| 020 | _a9780415558693 (hardback : alk. paper) | ||
| 040 |
_aDLC _cDLC |
||
| 041 | 1 |
_aeng _hfre |
|
| 042 | _apcc | ||
| 050 | 0 | 0 |
_aB2430.M3763 _bP4713 2011 |
| 082 | 0 | 0 |
_a142.7 _223 |
| 100 | 1 |
_aMerleau-Ponty, Maurice, _d1908-1961. _95932 |
|
| 240 | 1 | 0 |
_aPhénoménologie de la perception. _lEnglish |
| 245 | 1 | 0 |
_aPhenomenology of perception / _cby Maurice Merleau-Ponty. |
| 260 |
_aAbingdon, Oxon ; _aNew York : _bRoutledge, _c2012. |
||
| 263 | _a1110 | ||
| 300 | _a606p. | ||
| 500 | _aTranslated by Donald A. Landes. | ||
| 504 | _aIncludes bibliographical references (p. 586-606 ) and index. | ||
| 505 | 0 | _aIntroduction: classical prejudices and the return to phenomena -- The body -- The perceived world -- Being-for-itself and being-in-the-world. | |
| 650 | 1 | 0 |
_aPhenomenology. _95933 |
| 650 | 1 | 0 |
_aPerception (Philosophy) _95934 |
| 700 | 1 |
_aLandes, Donald A. _95935 |
|
| 906 |
_a7 _bcbc _corignew _d1 _eecip _f20 _gy-gencatlg |
||
| 942 |
_2ddc _cBK |
||
| 999 |
_c353547 _d353547 |
||